El viaje de parvana /
Guardado en:
| Autor Principal: | |
|---|---|
| Otros Autores: | , |
| Formato: | Libro |
| Publicado: |
San Isidro :
Macmillan,
2013
|
| Series: | Castillo. Serie roja
|
| Materias: | |
| Etiquetas: |
Agregar Etiqueta
Sin Etiquetas, Sea el primero en etiquetar este registro!
|
| LEADER | 00911nam a22002895a 4500 | ||
|---|---|---|---|
| 001 | CEM.cems014329 | ||
| 005 | 20140414115142.0 | ||
| 008 | 130507s2013##################000#0#####d | ||
| 003 | CEMS | ||
| 020 | |a 9789876721783 | ||
| 082 | 0 | 4 | |a 818.5 |
| 100 | 1 | |a Ellis, Deborah | |
| 245 | 1 | 0 | |a El viaje de parvana / |c Deborah Ellis ; ilustraciones de Leticia Barradas ; traducción de Herminia Bevia |
| 260 | |a San Isidro : |b Macmillan, |c 2013 | ||
| 300 | |a 184 p. | ||
| 490 | 0 | |a Castillo. Serie roja | |
| 500 | |a A partir de 12 años. | ||
| 653 | |a Literatura | ||
| 653 | |a Literatura canadiense | ||
| 653 | |a Novelas | ||
| 653 | |a Novelas canadienses | ||
| 653 | |a Ministerio de educación-colección literaria | ||
| 653 | |a Literatura juvenil | ||
| 653 | |a Novelas juveniles | ||
| 700 | 1 | |a Barradas, Leticia, il. | |
| 700 | 1 | |a Bevia, Herminia, trad. | |
| 859 | |a CEMS |b BIB. CEMS - 11 de abril |h 818.5 |i El591 |p 26878.14 |t Ej.1 | ||
